Nom de tout les projets de Josman - Statistiques

Statistiques générales
  • Ce quiz a été pris 46 fois
  • Le résultat moyen est 7 sur 10
Statistiques - réponses
Par images Réponse % Correct
M.A.N
92%
Dom Perignon Crying
86%
J.O.$
84%
Matrix
81%
Split
81%
J.000.$
68%
000$
65%
Échecs positifs
62%
HHHH
54%
Mystr J.O.$
46%
Aucun quiz correspondant
Distribution des résultats
% des personnes avec chaque résultat
Percentile par nombre de réponses
Votre historique - résultats
Vous n’avez pas pris ce quiz